[Event "Druzynowe Mistrzostwa Polski Juniorow - I Liga 2023"]
[Site "Lublin"]
[Date "1899-12-30"]
[Round "4.20"]
[White "Pancewicz, Szymon"]
[Black "Duda, Leon"]
[Result "1/2-1/2"]
[WhiteTitle "I+"]
[BlackTitle "I"]
[WhiteElo "1937"]
[BlackElo "1555"]

1. d4 d5 2. c4 e6 3. Nc3 c5 4. e3 Nf6 5. Nf3 Nc6 6. Be2 Be7 7. O-O O-O 8. b3 Ne4
9. Bb2 Bf6 10. Nxe4 dxe4 11. Ne5 Qc7 12. Nxc6 Qxc6 13. Qc2 b6 14. Rad1 cxd4 15.
Bxd4 e5 16. Bb2 Be6 17. f4 Rad8 18. Bxe5 Rxd1 19. Rxd1 Bxe5 20. fxe5 Re8 21. Rd6
Qb7 22. Qd1 h6 23. h3 Qe7 24. Qd4 Bf5 25. Rd5 Be6 26. Rd6 Bf5 27. c5 bxc5 28.
Qxc5 Rc8 29. Qb5 Qg5 30. Kf2 Qh4+ 31. Kf1 Qg3 32. Rc6 Rxc6 33. Qxc6 Qxe3 34. Qe8+
Kh7 35. Qxf7 Qc1+ 36. Kf2 Qc5+ 37. Kf1 Qxe5 38. Qxa7 Qf4+ 39. Qf2 Qc1+ 40. Qe1
Qc2 41. Bg4 Bg6 42. Qe2 Qc1+ 43. Kf2 Qc5+ 44. Ke1 Qg1+ 45. Qf1 Qe3+ 46. Qe2 Qg1+
47. Qf1 1/2-1/2

[Event "Druzynowe Mistrzostwa Polski Juniorow - I Liga 2023"]
[Site "Lublin"]
[Date "1899-12-30"]
[Round "4.21"]
[White "Niesyt, Michal"]
[Black "Ladon, Tymoteusz"]
[Result "0-1"]
[WhiteTitle "I"]
[BlackTitle "II"]
[WhiteElo "1564"]
[BlackElo "1336"]

1. e4 c5 2. Nf3 Nc6 3. d4 cxd4 4. Nxd4 g6 5. Nc3 Bg7 6. Be3 Nf6 7. Bc4 O-O 8. Bb3
Re8 9. h3 d6 10. O-O Na5 11. Qd3 b6 12. Ba4 Bd7 13. Bxd7 Qxd7 14. Rfe1 Rac8 15.
Bg5 Nc4 16. Rab1 Ne5 17. Qd1 Nc4 18. Qd3 Ne5 19. Qe2 Nh5 20. Nd5 h6 21. Bc1 e6
22. Ne3 Nf4 23. Qd1 f5 24. Nf1 Nh5 25. exf5 exf5 26. c3 Nf6 27. Bf4 g5 28. Bh2
f4 29. Qd3 Nxd3 0-1

[Event "Druzynowe Mistrzostwa Polski Juniorow - I Liga 2023"]
[Site "Lublin"]
[Date "1899-12-30"]
[Round "4.22"]
[White "Iwan, Patryk"]
[Black "Markowski, Tymon"]
[Result "1/2-1/2"]
[WhiteTitle "II"]
[BlackTitle "II"]
[WhiteElo "1247"]
[BlackElo "1329"]

1. e4 e6 2. d4 d5 3. Nd2 Nf6 4. e5 Nfd7 5. c3 c5 6. Ndf3 Qb6 7. Bd3 Nc6 8. Ne2
Be7 9. O-O h6 10. Re1 Qc7 11. a3 c4 12. Bc2 b5 13. a4 b4 14. cxb4 Bxb4 15. Bd2
Rb8 16. Bc3 Na5 17. Nd2 Bxc3 18. bxc3 Nb6 19. f4 Qe7 20. Ng3 g6 21. Qf3 Bd7 22.
Rf1 Kd8 23. Rfe1 Qe8 24. Qd1 Kc7 25. Nf3 Nb3 26. Bxb3 cxb3 27. Qxb3 Nxa4 28. Qa3
Qc8 29. Qd6+ Kb7 30. Reb1+ Nb6 31. c4 dxc4 32. Ne4 Qc6 33. Qc5 Ra8 34. Nf6 Kc7
35. Qe7 Rhf8 36. d5 Nxd5 37. Nxd5+ exd5 38. Nd4 Rfe8 39. Nxc6 Rxe7 40. Nxe7 Be6
41. Rd1 Rd8 42. Rxa7+ Kb6 43. Raa1 c3 44. g4 d4 45. Kf2 d3 46. Rdb1+ Kc5 47. Ra5+
Kc4 1/2-1/2

[Event "Druzynowe Mistrzostwa Polski Juniorow - I Liga 2023"]
[Site "Lublin"]
[Date "1899-12-30"]
[Round "4.23"]
[White "Bialek, Alicja"]
[Black "Pastuszko, Katarzyna"]
[Result "1/2-1/2"]
[WhiteTitle "I"]
[BlackTitle "I++"]
[WhiteElo "1503"]
[BlackElo "1312"]

1. e4 e5 2. Nc3 Nf6 3. g3 Bc5 4. Bg2 Nc6 5. Nge2 d6 6. Na4 Bb6 7. Nxb6 axb6 8.
b3 Bg4 9. h3 Bh5 10. Bb2 O-O 11. O-O d5 12. exd5 Nxd5 13. g4 Bg6 14. f4 exf4 15.
Nxf4 Nxf4 16. Rxf4 Qg5 17. Rf2 f5 18. Bd5+ Kh8 19. Qf3 Qe7 20. Qc3 fxg4 21. Rxf8+
Rxf8 22. hxg4 Qd7 23. Be6 Qe7 24. Re1 Qc5+ 25. Qxc5 bxc5 26. Bf5 Bxf5 27. gxf5
h6 28. Rf1 Nd4 29. Bxd4 cxd4 30. c3 dxc3 31. dxc3 Rf6 32. Kg2 Kg8 33. Rf3 Rd6
34. a4 Kf7 35. Kg3 Kf6 36. b4 Ra6 37. a5 b6 38. axb6 Rxb6 39. Rf4 Rc6 40. c4 Ra6
41. b5 Rb6 1/2-1/2

[Event "Druzynowe Mistrzostwa Polski Juniorow - I Liga 2023"]
[Site "Lublin"]
[Date "1899-12-30"]
[Round "4.24"]
[White "Malicka, Magdalena"]
[Black "Gajda, Anna"]
[Result "1/2-1/2"]
[WhiteTitle "I++"]
[BlackTitle "I"]
[WhiteElo "1260"]
[BlackElo "1243"]

1. e4 e6 2. d4 d5 3. e5 c5 4. c3 Qb6 5. Nf3 Bd7 6. Bd3 Bb5 7. O-O cxd4 8. Bxb5+
Qxb5 9. Nxd4 Qb6 10. Nd2 Bc5 11. N2b3 Ne7 12. Nxc5 Qxc5 13. Be3 Qc8 14. Qg4 O-O
15. h4 Nbc6 16. Nxc6 bxc6 17. Bc5 Re8 18. Bxe7 Rxe7 19. Rae1 Qc7 20. h5 Rf8 21.
h6 f5 22. Qb4 Rfe8 23. Re3 c5 24. Qa4 Rb8 25. Rfe1 Qd7 26. Qa3 Qc7 27. b4 c4 28.
Qb2 Qb7 29. a4 gxh6 30. Rg3+ Rg7 31. Rxg7+ Qxg7 32. Qd2 Qg5 33. Re3 Kh8 34. Qd4
f4 35. Rf3 Rg8 36. g3 fxg3 37. fxg3 Qc1+ 38. Kg2 Qc2+ 39. Rf2 Qxa4 40. Qf4 Qe8
41. Qf6+ Rg7 42. Qxh6 Qg6 43. Qh4 Rf7 44. Rxf7 Qxf7 45. Qd8+ Kg7 46. Qg5+ Qg6
47. Qe7+ Qf7 1/2-1/2

[Event "Druzynowe Mistrzostwa Polski Juniorow - I Liga 2023"]
[Site "Lublin"]
[Date "1899-12-30"]
[Round "4.25"]
[White "Gradalski, Olaf"]
[Black "Borowik, Wojciech"]
[Result "1/2-1/2"]
[WhiteTitle "k"]
[BlackTitle "I++"]
[WhiteElo "2061"]
[BlackElo "1823"]

1. e4 c5 2. Nf3 d6 3. d4 cxd4 4. Nxd4 Nf6 5. f3 e5 6. Nb3 d5 7. Bg5 Be6 8. Bxf6
gxf6 9. exd5 Qxd5 10. Qxd5 Bxd5 11. Nc3 Be6 12. O-O-O Nd7 13. Nb5 Bh6+ 14. Kb1
Ke7 15. Bd3 f5 16. Nc7 Rac8 17. Nxe6 fxe6 18. Rhe1 a6 19. g4 e4 20. Bf1 e3 21.
gxf5 exf5 22. Nd4 Rc5 23. Bd3 Rf8 24. f4 Bxf4 25. Rf1 e2 26. Nxe2 Be3 27. Rde1
Kd8 28. Nf4 Re5 29. Nd5 Bd4 30. Rxe5 Bxe5 31. h4 f4 32. Bxh7 Rh8 33. Bf5 Rxh4
34. Rd1 f3 35. Nb6 Rd4 36. Rxd4 Bxd4 37. Nxd7 f2 38. Bh3 f1=Q+ 39. Bxf1 1/2-1/2

[Event "Druzynowe Mistrzostwa Polski Juniorow - I Liga 2023"]
[Site "Lublin"]
[Date "1899-12-30"]
[Round "4.26"]
[White "Borowik, Karol"]
[Black "Sputowski, Jakub"]
[Result "0-1"]
[WhiteTitle "II"]
[BlackTitle "I"]
[WhiteElo "1597"]
[BlackElo "1780"]

1. d4 d5 2. c4 Nc6 3. Nc3 Nf6 4. Nf3 Bg4 5. e3 e6 6. a3 Be7 7. Be2 dxc4 8. Bxc4
O-O 9. b4 a6 10. Bb2 Qd7 11. O-O Nd5 12. Ne4 f5 13. Ned2 Rf6 14. Qc2 Rg6 15. Rfe1
Bd6 16. Ne5 Bxe5 17. dxe5 Rd8 18. Nb3 Qe7 19. Be2 Qh4 20. Bxg4 fxg4 21. Qe4 Rf8
22. Re2 Rf5 23. Nd2 Qh5 24. Nf1 g3 25. f3 gxh2+ 26. Kh1 Nxe5 27. Bxe5 Rxe5 28.
Qd4 Rf5 29. g4 Qh3 30. Nxh2 Rxf3 31. e4 Rxg4 32. Qe5 Rgf4 33. Rg1 Nf6 34. Qxc7
g6 35. Rd2 Nxe4 36. Rd8+ Rf8 37. Rxf8+ Rxf8 38. Rc1 Ng3+ 39. Kg1 Ne2+ 40. Kh1
Nxc1 41. Qxc1 Rf2 42. Qc8+ Kg7 43. Qc7+ Kh6 44. Qxb7 Qxh2# 0-1

[Event "Druzynowe Mistrzostwa Polski Juniorow - I Liga 2023"]
[Site "Lublin"]
[Date "1899-12-30"]
[Round "4.27"]
[White "Liskiewicz, Jakub"]
[Black "Jaszczuk, Piotr"]
[Result "1/2-1/2"]
[WhiteTitle "I++"]
[BlackTitle "II"]
[WhiteElo "1970"]
[BlackElo "1619"]

1. d4 Nf6 2. Bg5 g6 3. Bxf6 exf6 4. e3 Bg7 5. g3 d5 6. Bg2 O-O 7. Ne2 Be6 8. O-O
c6 9. Nd2 f5 10. Nf4 Nd7 11. Rc1 Nf6 12. c4 g5 13. cxd5 cxd5 14. Nd3 Ne4 15. Nf3
Qb6 16. Nc5 g4 17. Ne1 Qxb2 18. Ned3 Qxa2 19. Ra1 Qc4 20. Qb1 Nc3 21. Qb2 b6 22.
Rfc1 bxc5 23. Rxc3 Rab8 24. Qc2 Qb5 25. Rxc5 Qb3 26. Qxb3 Rxb3 27. Nf4 Rfb8 28.
Bxd5 Rb1+ 29. Rxb1 Rxb1+ 30. Kg2 Bxd5+ 31. Nxd5 Bf8 32. Ra5 Rb7 33. Nf4 Bb4 34.
Ra6 Bd2 35. Nd3 Rb3 36. Ne5 Rb2 37. Nc4 Rc2 38. Nxd2 Rxd2 39. Rxa7 Kg7 40. Ra6
h5 41. Rb6 f6 42. Rb1 Kg6 43. h4 Rc2 44. Rd1 Kf7 45. Kf1 Ke6 46. Ke1 Kd5 47. Rd2
Rc8 48. Ke2 Ke4 49. Ra2 Rc6 50. Ra5 Rc2+ 51. Kf1 Rc8 52. Kg2 Rd8 53. Ra7 Rh8 54.
Rg7 Kd5 55. Re7 Kd6 56. Ra7 Kd5 57. Ra6 Rf8 58. Rb6 Rf7 59. Rb8 Rh7 60. Re8 Kd6
61. Kf1 Kd5 62. Ke2 Ra7 63. Rh8 Ke4 64. Rxh5 Ra2+ 65. Ke1 Ra1+ 66. Ke2 Ra2+ 67.
Ke1 Ra1+ 68. Ke2 Ra2+ 1/2-1/2

[Event "Druzynowe Mistrzostwa Polski Juniorow - I Liga 2023"]
[Site "Lublin"]
[Date "1899-12-30"]
[Round "4.28"]
[White "Toczylowski, Mateusz"]
[Black "Przybylski, Jan"]
[Result "0-1"]
[WhiteTitle "II"]
[BlackTitle "I+"]
[WhiteElo "1140"]
[BlackElo "1767"]

1. e4 e5 2. Nf3 Nc6 3. d4 exd4 4. Nxd4 Nf6 5. Nc3 Bb4 6. Nxc6 bxc6 7. Bd3 d5 8.
exd5 cxd5 9. O-O O-O 10. Bg5 Be6 11. Qf3 Be7 12. h3 h6 13. Bf4 c5 14. b3 Qa5 15.
Ne2 c4 16. bxc4 dxc4 17. Be4 Nxe4 18. Qxe4 Bf6 19. Rad1 Rfe8 20. Qf3 Rad8 21.
Qg3 Rxd1 22. Rxd1 Qxa2 23. Bxh6 Qxc2 24. Re1 Bf5 25. Be3 Rd8 26. Nf4 Rd1 27. Rxd1
Qxd1+ 28. Kh2 c3 29. Nh5 Qxh5 30. Bc1 Qd1 31. Qe3 Bg6 32. Ba3 c2 33. Qe8+ Kh7
34. Qe3 Qd3 35. Qxd3 Bxd3 36. Bc1 a5 0-1

[Event "Druzynowe Mistrzostwa Polski Juniorow - I Liga 2023"]
[Site "Lublin"]
[Date "1899-12-30"]
[Round "4.29"]
[White "Mroz, Lena"]
[Black "Arciszewska, Zuzanna"]
[Result "1/2-1/2"]
[WhiteTitle "I++"]
[BlackTitle "I++"]
[WhiteElo "1691"]
[BlackElo "1726"]

1. e4 e5 2. Nf3 Nc6 3. Bb5 a6 4. Ba4 Nf6 5. d3 b5 6. Bb3 Bc5 7. O-O d6 8. a4 Rb8
9. axb5 axb5 10. Be3 Bxe3 11. fxe3 Be6 12. Nfd2 O-O 13. Nc3 Ne7 14. Qe1 Ng6 15.
Ne2 c5 16. Ng3 Qc7 17. Bxe6 fxe6 18. Nf3 Ra8 19. Ng5 Qe7 20. h3 h6 21. Nf3 Ra7
22. b4 Rfa8 23. Rxa7 Qxa7 24. Kh2 Qa3 25. bxc5 Qxc5 26. Qd2 Ra2 27. Rc1 b4 28.
d4 Qc4 29. Rb1 Qxc2 30. Qxc2 Rxc2 31. Rxb4 Rc3 32. dxe5 dxe5 33. Nf1 Nd7 34. Kg3
Nc5 35. Rb8+ Kf7 36. Rb4 Kf6 37. N3d2 Rc1 38. Rb5 Nd3 39. Rb3 Nc5 40. Rb5 Rc3
41. Rb1 Ra3 42. Rb5 Nd3 43. Rb3 Rxb3 1/2-1/2

[Event "Druzynowe Mistrzostwa Polski Juniorow - I Liga 2023"]
[Site "Lublin"]
[Date "1899-12-30"]
[Round "4.30"]
[White "Borowik, Monika"]
[Black "Lajdamik, Kinga"]
[Result "1-0"]
[WhiteTitle "I"]
[BlackTitle "I++"]
[WhiteElo "1408"]
[BlackElo "1440"]

1. d4 Nf6 2. c4 e6 3. Nf3 Bb4+ 4. Nbd2 b6 5. a3 Bxd2+ 6. Qxd2 Bb7 7. g3 d6 8. Bg2
Nbd7 9. b4 O-O 10. O-O c5 11. Bb2 Qc7 12. Rac1 a5 13. dxc5 dxc5 14. b5 a4 15.
Qc3 Rfd8 16. Rfd1 Ne8 17. Rd3 f6 18. Bh3 Nf8 19. Re3 e5 20. Nh4 Qf7 21. Nf5 Nd6
22. Qc2 Kh8 23. f4 e4 24. Nxd6 Rxd6 25. g4 Ne6 26. Rf1 Nd4 27. Qc3 Nxe2+ 28. Rxe2
Rd3 29. Qc2 Rxh3 30. Rd2 Qg6 31. Qd1 h5 32. Rd7 Bc8 33. Rd8+ Kh7 34. Qd5 Qxg4+
35. Kh1 Be6 36. Qxe4+ f5 37. Qxa8 Rxh2+ 38. Kxh2 Qh4+ 39. Kg1 Qg3+ 40. Qg2 1-0

[Event "Druzynowe Mistrzostwa Polski Juniorow - I Liga 2023"]
[Site "Lublin"]
[Date "1899-12-30"]
[Round "4.31"]
[White "Kaliszuk, Kamil"]
[Black "Jaskiewicz, Kacper"]
[Result "1-0"]
[WhiteTitle "k"]
[BlackTitle "I+"]
[WhiteElo "2249"]
[BlackElo "2006"]

1. d4 Nf6 2. c4 e6 3. Nc3 d5 4. cxd5 exd5 5. Bg5 c6 6. e3 Nbd7 7. Bd3 Bb4 8. Qc2
h6 9. Bh4 Nf8 10. Nge2 Ne6 11. O-O Qe7 12. Bxf6 Qxf6 13. Nxd5 cxd5 14. Qa4+ Bd7
15. Qxb4 Nd8 16. Nf4 Bc6 17. Bb5 Qf5 18. Qd6 Qd7 19. Qxd7+ Kxd7 20. Be2 g6 21.
b4 Kd6 22. a4 Re8 23. Bf3 g5 24. Nd3 a6 25. Rfc1 f6 26. g3 Rh8 27. Nb2 h5 28.
Nd1 Ne6 29. Nc3 g4 30. Bg2 b5 31. axb5 axb5 32. Bf1 Nc7 33. Bd3 Rhb8 34. Bg6 Rg8
35. Bd3 Rgb8 36. Ne2 Ra4 37. Nf4 Be8 38. Be2 Rba8 39. Rab1 Na6 40. f3 f5 41. Nd3
Ra2 42. Bd1 Rd2 43. Nf4 Bd7 44. Ra1 Bc6 45. Be2 h4 46. gxh4 gxf3 47. Bxf3 Rg8+
48. Kh1 Nxb4 49. Rab1 Rc2 50. Rg1 Rxg1+ 51. Kxg1 Na2 52. h5 Be8 53. h6 Rc7 54.
Nxd5 Rh7 55. Nf6 Rxh6 56. Nxe8+ Kd7 57. Rxb5 Kxe8 58. Rxf5 Nb4 59. Re5+ Kd7 60.
Be4 Na6 61. Kg2 Nc7 62. Kg3 Kd6 63. Rg5 Rh8 64. Rg6+ Ke7 65. Bf3 Nb5 66. d5 Nd6
67. e4 Nf7 68. Bg4 Rd8 69. Kf4 Rh8 70. h3 Rd8 71. Ra6 Rf8 72. Ra7+ Kf6 73. Bf5
Re8 74. Ra6+ Kg7 75. Bg6 Rh8 76. Bxf7 Kxf7 77. Ra7+ Kg6 78. Ke5 Rxh3 79. d6 Rf3
80. d7 Rf7 81. d8=Q Rxa7 82. Qb6+ 1-0

[Event "Druzynowe Mistrzostwa Polski Juniorow - I Liga 2023"]
[Site "Lublin"]
[Date "1899-12-30"]
[Round "4.32"]
[White "Kazmierowski, Tymon"]
[Black "Wandor, Adam"]
[Result "1/2-1/2"]
[WhiteTitle "I++"]
[BlackTitle "II+"]
[WhiteElo "1979"]
[BlackElo "1652"]

1. e4 c6 2. d4 d5 3. e5 Bf5 4. h4 h5 5. Bd3 Bxd3 6. Qxd3 Qa5+ 7. Nd2 e6 8. Ngf3
Nh6 9. b3 Be7 10. O-O Nf5 11. g3 O-O 12. c4 Qa6 13. Ng5 c5 14. dxc5 Bxc5 15. Qf3
g6 16. Bb2 Bb4 17. Rfd1 Bxd2 18. Rxd2 dxc4 19. bxc4 Nc6 20. g4 hxg4 21. Qxg4 Rad8
22. Rxd8 Rxd8 23. h5 Nce7 24. hxg6 Nxg6 25. Qh5 Ng7 26. Qh7+ Kf8 27. a4 Rd3 28.
Ba3+ Rxa3 29. Rxa3 Qxc4 30. Rg3 Qc1+ 31. Kh2 Qf4 32. Nh3 Qxe5 33. Qh6 Ke7 34.
Qg5+ Qxg5 35. Nxg5 Ne8 36. Ne4 Nd6 37. Nxd6 Kxd6 38. Rb3 b6 39. Kg3 Ne7 40. Kf4
f6 41. Ke4 Nd5 42. Kd4 a6 43. Rh3 Ne7 44. Rh8 Nc6+ 45. Kc4 Ne5+ 46. Kc3 Nd7 47.
Kd4 1/2-1/2

[Event "Druzynowe Mistrzostwa Polski Juniorow - I Liga 2023"]
[Site "Lublin"]
[Date "1899-12-30"]
[Round "4.33"]
[White "Witczak, Borys"]
[Black "Terkiewicz, Bruno"]
[Result "0-1"]
[WhiteTitle "I"]
[BlackTitle "I++"]
[WhiteElo "1856"]
[BlackElo "1873"]

1. d4 d5 2. c4 e6 3. Nc3 c5 4. cxd5 exd5 5. dxc5 d4 6. Na4 Nf6 7. Bd2 b5 8. cxb6
axb6 9. b3 Bd7 10. Nb2 Nc6 11. Nf3 Ba3 12. Nd3 O-O 13. g3 Re8 14. Bg2 Qe7 15.
Bc1 Ne4 16. Bxa3 Rxa3 17. Nfe5 Nc3 18. Nxc6 Bxc6 19. Bxc6 Nxd1 20. Bxe8 Nc3 0-1

[Event "Druzynowe Mistrzostwa Polski Juniorow - I Liga 2023"]
[Site "Lublin"]
[Date "1899-12-30"]
[Round "4.34"]
[White "Rutkowski, Feliks"]
[Black "Rajbharath, Harjith"]
[Result "1/2-1/2"]
[WhiteTitle "II"]
[BlackTitle "II"]
[WhiteElo "1431"]
[BlackElo "1449"]

1. c4 e5 2. e3 Nf6 3. Nc3 Bb4 4. Nge2 b6 5. a3 Bxc3 6. Nxc3 Bb7 7. Be2 O-O 8. O-O
d5 9. cxd5 Nxd5 10. d4 Nd7 11. Bf3 Nxc3 12. bxc3 e4 13. Be2 f5 14. f3 Nf6 15.
f4 a5 16. a4 Ba6 17. Bxa6 Rxa6 18. c4 c6 19. Ba3 Rf7 20. Rb1 Ng4 21. Qe2 Rfa7
22. Rfe1 Nf6 23. Rb2 Ra8 24. Reb1 Kh8 25. Rb3 h6 26. Qb2 Nd7 27. Qe2 Nf6 28. Qb2
Nd7 29. Qe2 Nf6 30. Qb2 Nd7 1/2-1/2

[Event "Druzynowe Mistrzostwa Polski Juniorow - I Liga 2023"]
[Site "Lublin"]
[Date "1899-12-30"]
[Round "4.35"]
[White "Biliak, Viktoria"]
[Black "Lukasik, Zuzanna"]
[Result "0-1"]
[WhiteTitle "II"]
[BlackTitle "I++"]
[WhiteElo "1612"]
[BlackElo "1712"]

1. e4 c5 2. Nf3 Nc6 3. Bb5 Na5 4. Nc3 a6 5. Be2 e6 6. d4 cxd4 7. Nxd4 d6 8. Be3
Be7 9. Qd2 Qc7 10. O-O Nf6 11. Qd3 O-O 12. f4 Bd7 13. f5 Rac8 14. Nb3 Nxb3 15.
axb3 Bc6 16. Bf3 Rfd8 17. fxe6 fxe6 18. Rac1 b5 19. Bf4 Qb7 20. Rfe1 Kh8 21. Nd1
Rd7 22. Qe2 Rf8 23. Bg3 e5 24. c4 b4 25. Nf2 Bd8 26. Kh1 Bb6 27. Nd3 Bd4 28. Bf2
Bxf2 29. Nxf2 Rdd8 30. h3 Nd7 31. Qe3 Nc5 32. Bd1 Rxf2 33. Qxf2 Nd3 34. Qh4 Rf8
35. Bf3 Nxe1 36. Rxe1 h6 37. Re3 Rf6 38. Qe1 Qb6 39. Qd2 Qc5 40. g3 Rxf3 41. Rxf3
Bxe4 42. Kg2 Kg8 43. g4 Qc6 44. Qe3 Bxf3+ 45. Qxf3 Qxf3+ 46. Kxf3 Kf7 47. Ke4
Ke6 48. h4 g6 49. h5 gxh5 50. gxh5 a5 0-1

[Event "Druzynowe Mistrzostwa Polski Juniorow - I Liga 2023"]
[Site "Lublin"]
[Date "1899-12-30"]
[Round "4.36"]
[White "Siekanska, Zofia"]
[Black "Kaminska, Zuzanna"]
[Result "0-1"]
[WhiteTitle "II"]
[BlackTitle "I"]
[WhiteElo "1081"]
[BlackElo "1312"]

1. e4 e5 2. Nf3 Nc6 3. Bc4 Nf6 4. d3 Bc5 5. c3 a6 6. Bg5 h6 7. Bh4 g5 8. Bg3 d6
9. h3 Ba7 10. Bb3 Bd7 11. Bc2 Qe7 12. Nbd2 Nd8 13. Qe2 Ne6 14. Nb3 Nh5 15. Qd2
Nhf4 16. Bxf4 Nxf4 17. Rg1 h5 18. Qd1 g4 19. hxg4 hxg4 20. Nfd2 g3 21. d4 gxf2+
22. Kxf2 Qh4+ 23. g3 Qh2+ 24. Ke3 Nh3 25. Rf1 Qxg3+ 26. Rf3 Qg5+ 27. Kd3 Nf4+
28. Kc4 exd4 29. cxd4 Qb5+ 30. Kc3 Ne2+ 0-1

[Event "Druzynowe Mistrzostwa Polski Juniorow - I Liga 2023"]
[Site "Lublin"]
[Date "1899-12-30"]
[Round "4.37"]
[White "Malinowski, Szymon"]
[Black "Kubik, Rafal"]
[Result "1-0"]
[WhiteTitle "I++"]
[BlackTitle "I++"]
[WhiteElo "1951"]
[BlackElo "2055"]

1. d4 Nf6 2. Bf4 d5 3. e3 c5 4. Nf3 Nc6 5. Nbd2 e6 6. c3 cxd4 7. exd4 Nh5 8. Bg3
Nxg3 9. hxg3 Bd6 10. Bd3 h6 11. g4 Bd7 12. Qe2 Qc7 13. b4 Ne7 14. Rc1 Bxb4 15.
O-O Ba3 16. Rb1 b6 17. Ne5 Nc6 18. f4 Nxe5 19. fxe5 Rf8 20. c4 Bc6 21. Rb3 Be7
22. Rc1 Ba4 23. Rbb1 Rc8 24. Qf1 Qd7 25. cxd5 Rxc1 26. Qxc1 Qxd5 27. Qc8+ Bd8
28. Qc3 Bc6 29. Be4 1-0

[Event "Druzynowe Mistrzostwa Polski Juniorow - I Liga 2023"]
[Site "Lublin"]
[Date "1899-12-30"]
[Round "4.38"]
[White "Piechota, Kamil"]
[Black "Trzebinski, Patryk"]
[Result "0-1"]
[WhiteTitle "I"]
[BlackTitle "I++"]
[WhiteElo "1685"]
[BlackElo "1934"]

1. e4 c5 2. c3 b6 3. d4 Bb7 4. d5 e5 5. Nf3 d6 6. Bb5+ Nd7 7. O-O a6 8. Bxd7+ Qxd7
9. c4 g6 10. Nc3 Bg7 11. Qb3 Ne7 12. Qxb6 O-O 13. Qb3 h6 14. Nh4 f5 15. f4 exf4
16. exf5 g5 17. Ng6 Rxf5 18. Nxe7+ Qxe7 19. Bd2 Raf8 20. Rae1 Be5 21. Ne4 Bc8
22. Qf3 Qg7 23. h3 Bd4+ 24. Kh1 Qg6 25. Bc3 Be3 26. Nf6+ R8xf6 27. Bxf6 Qxf6 28.
g4 fxg3 29. Rxe3 Rxf3 30. Rexf3 Qxb2 0-1

[Event "Druzynowe Mistrzostwa Polski Juniorow - I Liga 2023"]
[Site "Lublin"]
[Date "1899-12-30"]
[Round "4.39"]
[White "Zalewski, Witold"]
[Black "Niesporek, Franciszek"]
[Result "0-1"]
[WhiteTitle "II"]
[BlackTitle "I"]
[WhiteElo "1333"]
[BlackElo "1644"]

1. e4 c5 2. Nc3 g6 3. g3 Bg7 4. Bg2 Nc6 5. d3 d6 6. f4 e6 7. Nf3 Nge7 8. O-O O-O
9. Be3 Nd4 10. Qd2 Rb8 11. a4 Nec6 12. Kh1 a6 13. g4 f5 14. exf5 exf5 15. Ng5
Ne7 16. Bxd4 cxd4 17. Nd5 fxg4 18. Nxe7+ Qxe7 19. Bd5+ Kh8 20. Rae1 Qc7 21. Qe2
Bf6 22. Ne4 Bh4 23. Ng3 b5 24. axb5 Rxb5 25. Bb3 Bb7+ 26. Kg1 Bxg3 27. hxg3 Rh5
28. Qxg4 Rh1+ 29. Kf2 Rh2+ 30. Kg1 Rg2+ 31. Kh1 Rxg3+ 0-1

[Event "Druzynowe Mistrzostwa Polski Juniorow - I Liga 2023"]
[Site "Lublin"]
[Date "1899-12-30"]
[Round "4.40"]
[White "Karwot, Marek"]
[Black "Wons, Krystian"]
[Result "0-1"]
[WhiteTitle "II+"]
[BlackTitle "I"]
[WhiteElo "1594"]
[BlackElo "1331"]

1. e4 e6 2. d4 d5 3. Nc3 Nf6 4. e5 Nfd7 5. f4 c5 6. Nf3 Nc6 7. Be3 a6 8. Qd2 b5
9. Be2 Qb6 10. Nd1 cxd4 11. Nxd4 Bc5 12. Nxc6 Qxc6 13. c3 Bb7 14. Bd4 g6 15. Ne3
h5 16. O-O Rc8 17. Rac1 Nb6 18. b3 Rc7 19. Kh1 Ke7 20. Rc2 Rhc8 21. Rfc1 Nd7 22.
Bd1 a5 23. Qf2 Qb6 24. Nf1 b4 25. Bxc5+ Qxc5 26. Qh4+ Ke8 27. cxb4 Qb5 28. Qf2
Rxc2 29. Rxc2 Rxc2 30. Bxc2 axb4 31. Ne3 Ba6 32. g3 Qc6 33. Qd2 d4+ 34. Ng2 d3
35. Bd1 Bb7 36. g4 h4 37. h3 Qc3 38. Qe3 Qb2 39. Bf3 d2 0-1

[Event "Druzynowe Mistrzostwa Polski Juniorow - I Liga 2023"]
[Site "Lublin"]
[Date "1899-12-30"]
[Round "4.41"]
[White "Skolska, Emilia"]
[Black "Bugaj, Hanna"]
[Result "1/2-1/2"]
[WhiteTitle "I++"]
[BlackTitle "I++"]
[WhiteElo "1689"]
[BlackElo "1657"]

1. e4 d5 2. exd5 Qxd5 3. d4 e5 4. dxe5 Qxe5+ 5. Qe2 Nc6 6. Bf4 Qxe2+ 7. Nxe2 Bf5
8. Bxc7 Bxc2 9. Nbc3 Nf6 10. Rc1 Rc8 11. Bf4 Bg6 12. g3 Bc5 13. Bh3 Ra8 14. O-O
O-O 15. Na4 Be7 16. Be3 Be4 17. Bc5 Rfe8 18. Nec3 Bf3 19. Bg2 Bxg2 20. Kxg2 b6
21. Be3 Rac8 22. Rfd1 Red8 23. Nb5 Rxd1 24. Rxd1 Kf8 25. Bf4 Nh5 26. Bd6 Bxd6
27. Nxd6 Rd8 28. Nc3 Nf6 29. f4 Ne8 30. Nxe8 Rxd1 31. Nxd1 Kxe8 32. Kf3 f5 33.
Ke3 Kd7 34. a3 Kd6 35. Kd3 g6 36. Kc4 a6 37. a4 Na5+ 38. Kc3 Nc6 39. b4 b5 40.
axb5 axb5 1/2-1/2

[Event "Druzynowe Mistrzostwa Polski Juniorow - I Liga 2023"]
[Site "Lublin"]
[Date "1899-12-30"]
[Round "4.42"]
[White "Rduch, Diana"]
[Black "Tokarz, Gabriela"]
[Result "0-1"]
[WhiteTitle "I"]
[BlackTitle "I++"]
[WhiteElo "1129"]
[BlackElo "1549"]

1. e4 c5 2. Nf3 e6 3. d4 cxd4 4. Nxd4 Nc6 5. Nxc6 bxc6 6. Bd3 Bc5 7. O-O e5 8.
Qe2 Ne7 9. Kh1 O-O 10. Nc3 d6 11. f4 exf4 12. Bxf4 Ng6 13. e5 Re8 14. Qf3 d5 15.
Be3 Bxe3 16. Qxf7+ Kh8 17. Bxg6 hxg6 18. Rf3 Bh6 19. Qxg6 Bd7 20. Raf1 Qg5 21.
Qf7 Re7 22. Qxe7 Qxe7 23. Rf7 Qe8 24. b3 Kg8 25. R7f3 Qxe5 26. Na4 Bg4 27. Rf7
Re8 28. Nc5 Qe3 29. Nd3 Be2 30. R1f5 Bxd3 31. cxd3 Qc1+ 32. Rf1 Re1 33. Rf8+ Kh7
34. h3 Rxf1+ 35. Rxf1 Qxf1+ 36. Kh2 Bf4+ 37. g3 Qf2+ 38. Kh1 Bxg3 39. d4 Qh2#
0-1

[Event "Druzynowe Mistrzostwa Polski Juniorow - I Liga 2023"]
[Site "Lublin"]
[Date "1899-12-30"]
[Round "4.43"]
[White "Maciaszek, Karol"]
[Black "Lochinski, Pawel"]
[Result "1-0"]
[WhiteTitle "I"]
[BlackTitle "I"]
[WhiteElo "1731"]
[BlackElo "1709"]

1. d4 Nf6 2. Bg5 d5 3. e3 c5 4. Bxf6 gxf6 5. dxc5 Nc6 6. a3 a5 7. Nc3 e6 8. Na4
Rb8 9. Ne2 e5 10. Ng3 Be6 11. Bd3 Be7 12. Bf5 e4 13. Qh5 Bxf5 14. Nxf5 Ne5 15.
Ng7+ Kf8 16. Qh6 Kg8 17. Nh5 1-0

[Event "Druzynowe Mistrzostwa Polski Juniorow - I Liga 2023"]
[Site "Lublin"]
[Date "1899-12-30"]
[Round "4.44"]
[White "Grzebieniowski, Michal"]
[Black "Rajlich, Vaclav"]
[Result "0-1"]
[WhiteTitle "I"]
[BlackTitle "I"]
[WhiteElo "1603"]
[BlackElo "1572"]

1. d4 Nf6 2. c4 g6 3. Nc3 Bg7 4. Nf3 O-O 5. g3 d6 6. Bg2 Nc6 7. O-O a6 8. e3 Rb8
9. Qe2 b5 10. Nd2 Bg4 11. Qd3 Nb4 12. Qb1 bxc4 13. Nxc4 d5 14. Nd2 Bf5 15. e4
Nxe4 16. Ndxe4 dxe4 17. Bxe4 Bxe4 18. Qxe4 Qxd4 19. Bf4 Qxe4 20. Nxe4 Nd5 21.
Nc5 Nxf4 22. gxf4 Rxb2 23. a4 a5 24. Rac1 Bd4 25. Na6 Bb6 26. Nxc7 Rc8 27. Nd5
Bxf2+ 28. Kh1 Rxc1 29. Rxc1 e6 30. Ne7+ Kf8 31. Nc6 Be3 32. Rc4 Rb1+ 33. Kg2 Rc1
34. Rxc1 Bxc1 35. Kf3 Bd2 36. Ke4 f6 37. h3 Ke8 38. Nd4 Kd7 39. Nb5 h6 40. Nd4
Kd6 41. Nb5+ Kc5 42. Nd4 Kb4 43. Nxe6 Kxa4 44. Nf8 Kb3 45. Kd3 Bxf4 46. Nxg6 Bd6
0-1

[Event "Druzynowe Mistrzostwa Polski Juniorow - I Liga 2023"]
[Site "Lublin"]
[Date "1899-12-30"]
[Round "4.45"]
[White "Kisiel, Dominik"]
[Black "Adamczyk, Kacper"]
[Result "1-0"]
[WhiteTitle "II"]
[BlackTitle "II"]
[WhiteElo "1343"]
[BlackElo "1277"]

1. d4 d5 2. c4 e6 3. cxd5 exd5 4. Nc3 c6 5. Nf3 Bd6 6. Bg5 Qa5 7. e3 Bf5 8. Bd3
Bxd3 9. Qxd3 Nd7 10. O-O Ngf6 11. a3 O-O 12. Rab1 Rfe8 13. Bxf6 Nxf6 14. Ne2 Ne4
15. b4 Qc7 16. a4 a6 17. b5 axb5 18. axb5 Ra3 19. Qc2 Rea8 20. Ng3 Bxg3 21. hxg3
Ra2 22. Rb2 R2a3 23. bxc6 bxc6 24. Rfb1 Nc3 25. Rb7 Qd8 26. Qf5 Qe8 27. Ng5 g6
28. Qf6 R3a7 29. Nxf7 Qxf7 30. Qxf7+ 1-0